000 00496nam a2200193 a 4500
001 741
003 CO-ViMGA
008 141112s2004 ck r 000 u spa d
040 _aCO-ViMGA
_bspa
_cCO-ViMGA
082 0 4 _a850 F377
100 1 _aFerro Gay, Federico
_948598
245 1 0 _aBreve historia de la literatura, Italiana
250 _a3a
260 _aMexico :
_bParrĂșa,
_c1990
300 _a292 p
490 _aSepan cuantos, 211
650 1 4 _aLITERATURA ITALIANA
_92690
942 _2ddc
_cBK
999 _c12978
_d12978